<?xml version="1.0" encoding="UTF-8"?>
<record
    xmlns:xsi="http://www.w3.org/2001/XMLSchema-instance"
    xsi:schemaLocation="http://www.loc.gov/MARC21/slim http://www.loc.gov/standards/marcxml/schema/MARC21slim.xsd"
    xmlns="http://www.loc.gov/MARC21/slim">

  <leader>00479nam a2200169Ia 4500</leader>
  <controlfield tag="008">230718s9999    xx            000 0 und d</controlfield>
  <datafield tag="020" ind1=" " ind2=" ">
    <subfield code="a">9788131770139</subfield>
  </datafield>
  <datafield tag="041" ind1=" " ind2=" ">
    <subfield code="a">eng</subfield>
  </datafield>
  <datafield tag="082" ind1=" " ind2=" ">
    <subfield code="a">621.38456</subfield>
    <subfield code="b">GRA</subfield>
  </datafield>
  <datafield tag="100" ind1=" " ind2=" ">
    <subfield code="a">Grayson M.</subfield>
    <subfield code="9">176049</subfield>
  </datafield>
  <datafield tag="245" ind1=" " ind2=" ">
    <subfield code="a">Building The Mobile Internet</subfield>
  </datafield>
  <datafield tag="260" ind1=" " ind2=" ">
    <subfield code="c">2012</subfield>
    <subfield code="b">Pearson</subfield>
  </datafield>
  <datafield tag="300" ind1=" " ind2=" ">
    <subfield code="a">254</subfield>
  </datafield>
  <datafield tag="365" ind1=" " ind2=" ">
    <subfield code="c">Rs.</subfield>
    <subfield code="b">399.00</subfield>
  </datafield>
  <datafield tag="700" ind1=" " ind2=" ">
    <subfield code="a">Grayson M.; Shatzkamer K. &amp; Wierenga K.</subfield>
    <subfield code="9">193960</subfield>
  </datafield>
  <datafield tag="906" ind1=" " ind2=" ">
    <subfield code="d">O:0309719-Oct-2012B:4729324-Sep-2012</subfield>
    <subfield code="c">COMP</subfield>
    <subfield code="b">87.78</subfield>
  </datafield>
  <datafield tag="999" ind1=" " ind2=" ">
    <subfield code="c">331513</subfield>
    <subfield code="d">331513</subfield>
  </datafield>
  <datafield tag="952" ind1=" " ind2=" ">
    <subfield code="0">0</subfield>
    <subfield code="1">0</subfield>
    <subfield code="4">0</subfield>
    <subfield code="7">0</subfield>
    <subfield code="a">CCEP</subfield>
    <subfield code="b">CCEP</subfield>
    <subfield code="d">2012-10-19</subfield>
    <subfield code="e">Vaibhav Book House</subfield>
    <subfield code="f">COMP</subfield>
    <subfield code="g">311.22</subfield>
    <subfield code="i">47293</subfield>
    <subfield code="l">0</subfield>
    <subfield code="o">621.38456</subfield>
    <subfield code="p">CCEP-BK-42720</subfield>
    <subfield code="r">2023-07-18 00:00:00</subfield>
    <subfield code="t">87.78</subfield>
    <subfield code="v">399.00</subfield>
    <subfield code="w">2012-09-24</subfield>
    <subfield code="y">BK</subfield>
    <subfield code="z">042720</subfield>
  </datafield>
</record>
